000 00224nam a22001097a 4500
082 _a658 GUI'D
245 _aGUIDE TO MANAGEMENT METHODS
250 _a2ND
260 _aBRITINA
_bRMCS
_c1978
300 _a22-20
942 _cBK
999 _c581214
_d581214